000 00250nam a22001217a 4500
008 170508b xxu||||| |||| 00| 0 eng d
041 _aeng
080 _a34
100 _a15
101 _aSHJ
245 _aEVIDENCE LAWS
_cSHAW.G
942 _2udc
_cBK
999 _c13039
_d13039